What kind of EC regional policy? (Record no. 29194)

MARC details
000 -LEADER
fixed length control field 00587cab a2200205 4500
001 - CONTROL NUMBER
control field ##ABS44250
008 - FIXED-LENGTH DATA ELEMENTS--GENERAL INFORMATION
fixed length control field 090401t1991 xxu||||| |||| 00| 0 eng d
035 ## - SYSTEM CONTROL NUMBER
System control number (Sirsi) u46136
041 0# - LANGUAGE CODE
Language code of text/sound track or separate title eng
100 1# - MAIN ENTRY--PERSONAL NAME
Personal name Williams, K.
245 00 - TITLE STATEMENT
Title What kind of EC regional policy?
260 ## - PUBLICATION, DISTRIBUTION, ETC.
Date of publication, distribution, etc. 1991
350 ## - PRICE (NR) (BK AM CF MU VM SE) [OBSOLETE]
Price 0
490 #0 - SERIES STATEMENT
Series statement Local Economy
Volume/sequential designation 5(4) February 1991, 330-346(9)
520 ## - SUMMARY, ETC.
Summary, etc. Examines what type of regional policy the EC needs to adopt in the lead up to the single market in 1992. References.
651 #4 - SUBJECT ADDED ENTRY--GEOGRAPHIC NAME
Geographic name EUROPE
690 ## - LOCAL SUBJECT ADDED ENTRY--TOPICAL TERM (OCLC, RLIN)
Topical term or geographic name as entry element PROPERTY
942 ## - ADDED ENTRY ELEMENTS (KOHA)
Suppress in OPAC 0
948 ## - LOCAL PROCESSING INFORMATION (OCLC); SERIES PART DESIGNATOR (RLIN)
c (OCLC) 04/03/1997
Holdings
Withdrawn status Lost status Source of classification or shelving scheme Damaged status Not for loan Home library Current library Shelving location Date acquired Total Checkouts Full call number Barcode Date last seen Copy number Price effective from Koha item type
    Dewey Decimal Classification     London London Journal article 14/09/1999   ABS44250 46136-1001 06/08/2019 1 06/08/2019 Journal article